|
|
|
|
| LEADER |
00000nam0a2200000 4500 |
| 001 |
350447 |
| 005 |
20231102010313.0 |
| 035 |
|
|
|a (RuTPU)RU\TPU\retro\4565
|
| 090 |
|
|
|a 350447
|
| 100 |
|
|
|a 20190205d1976 k y0rusy50 ca
|
| 101 |
0 |
|
|a rus
|
| 102 |
|
|
|a AZ
|
| 105 |
|
|
|a a z 001zy
|
| 200 |
1 |
|
|a Частичное заземление нейтрали в электрических системах через резистор
|e [сборник трудов]
|f Академия наук Азербайджанской ССР (АН АзССР), Институт физики (ИФ) ; под ред. Ч. М. Джуварлы
|
| 210 |
|
|
|a Баку
|c Элм
|d 1976
|
| 215 |
|
|
|a 214 с.
|c ил.
|
| 316 |
|
|
|5 63413507: КР-5868
|a На титульном листе дарственная надпись: "Глубокоуважаемому Александру Акимовичу. 21.02.77"
|
| 317 |
|
|
|5 63413507: КР-5868
|a Поступил в НТБ в 1987 г. в дар от вдовы ученого Е. К. Завадовской
|
| 320 |
|
|
|a Библиография в конце статей
|
| 330 |
|
|
|a В сборнике помещены материалы но теории и практике осуществлении в электрических системах частичного заземления нейтрали через резистор, для ограничений токов несимметричных коротких замыканий, восстанавливающихся напряжений, предотвращения феррорезонансных явлений и длительной работы трансформаторов в неполнофазном режиме с изолированной нейтралью. Публикуемые статьи подытоживают более чем десятилетнюю работу лаборатории электрофизики Института физики АН Азербайджанской CСP с соисполнителями в области ограничения токов коротких замыканий, доведенную до внедрения в энергосистемах Главюжэнеpro. Сборник рассчитан на работников энергосистем, научно-исследовательских и проетно-конструнторских институтов.
|
| 606 |
1 |
|
|a Электрические системы
|x Короткие замыкания, несимметричные
|2 stltpush
|3 (RuTPU)RU\TPU\subj\27573
|9 51302
|
| 610 |
1 |
|
|a нейтраль
|
| 610 |
1 |
|
|a частичное заземление
|
| 610 |
1 |
|
|a резисторы
|
| 610 |
1 |
|
|a электрический ток
|
| 610 |
1 |
|
|a замыкания на землю
|
| 610 |
1 |
|
|a ограничение
|
| 610 |
1 |
|
|a электросистемы
|
| 610 |
1 |
|
|a надежность
|
| 610 |
1 |
|
|a повышение
|
| 610 |
1 |
|
|a библиотека А. А. Воробьева
|
| 610 |
1 |
|
|a дарственная надпись
|
| 610 |
1 |
|
|a дары
|
| 610 |
1 |
|
|a дары библиотеке
|
| 675 |
|
|
|a 621.311.014
|v 4
|
| 702 |
|
1 |
|a Джуварлы
|b Ч. М.
|4 340
|
| 712 |
0 |
2 |
|a Академия наук Азербайджанской ССР (АН АзССР)
|b Институт физики (ИФ)
|c (Баку)
|2 stltpush
|3 (RuTPU)RU\TPU\col\11561
|
| 801 |
|
1 |
|a RU
|b 63413507
|c 20190205
|
| 801 |
|
2 |
|a RU
|b 63413507
|c 20190318
|g RCR
|
| 942 |
|
|
|c BK
|